000 00739nam a2200277Ia 4500
005 20250425162442.0
008 250425s9999 xx 000 0 und d
020 _a9789211217391
041 _aeng
043 _acl
082 _a361.61
110 _aCEPAL
245 0 _aMODELING PUBLIC POLICIES IN LATIN AMERICA AND THE CARIBBEAN
250 _aS.E.
260 _aChile
_bCEPAL
_c2010
260 _aSANTIAGO DE CHILE
_bUNITED NATIONS PUBLICATION
300 _a316
650 _aAMERICA LATINA-INTEGRACION ECONOMICA
650 _aCOMERCIO LATINOAMERICANO
650 _aMETODOS DE SIMULACION
650 _aMODELOS MATEMATICOS
650 _aPOBREZA
650 _aPOLITICA DE DESARROLLO
942 _c01
010 _a74947
999 _c229524
_d229524